000 00617nam a22002177a 4500
001 00028865
005 20260423190434.0
008 260423b ag ||||| |||| 00| 0 spa d
020 _a8475839118
040 _aAR-CcCEOS
_bspa
_cAR-CcCEOS
041 _aspa
080 _a94(520)
090 _bJAN v.1
100 _aCollcutt Jansen y Kumakura
_91112
245 _aJapón : El imperio del sol naciente :
_bVolumen I /
_cCollcutt Jansen y Kumakura
264 _aBarcelona :
_bFolio,
_c1995.
300 _a131 p. ;
_c24x18 cm.
490 _vAtlas culturales del mundo
655 0 _aarte
_9138
942 _2udc
_cBK
_n0
999 _c28907
_d28907